The church that never sleeps / (Record no. 4939)
[ view plain ]
| 000 -LEADER | |
|---|---|
| fixed length control field | 00741cam a22002654a 4500 |
| 001 - CONTROL NUMBER | |
| control field | 42692133 |
| 003 - CONTROL NUMBER IDENTIFIER | |
| control field | OCoLC |
| 005 - DATE AND TIME OF LATEST TRANSACTION | |
| control field | 20181218105313.0 |
| 008 - FIXED-LENGTH DATA ELEMENTS--GENERAL INFORMATION | |
| fixed length control field | 991012s2000 tnu 000 0deng |
| 010 ## - LIBRARY OF CONGRESS CONTROL NUMBER | |
| LC control number | 99053145 |
| 020 ## - INTERNATIONAL STANDARD BOOK NUMBER | |
| International Standard Book Number | 0785268596 (pbk.) |
| 040 ## - CATALOGING SOURCE | |
| Original cataloging agency | DLC |
| Transcribing agency | DLC |
| Modifying agency | UKM |
| 042 ## - AUTHENTICATION CODE | |
| Authentication code | pcc |
| 043 ## - GEOGRAPHIC AREA CODE | |
| Geographic area code | n-us-ca |
| 082 ## - DEWEY DECIMAL CLASSIFICATION NUMBER | |
| Classification number | 289.94 |
| Item number | B261C |
| 092 ## - LOCALLY ASSIGNED DEWEY CALL NUMBER (OCLC) | |
| Classification number | 289.94 |
| Item number | B261C |
| 100 1# - MAIN ENTRY--PERSONAL NAME | |
| Personal name | Barnett, Matthew |
| 245 14 - TITLE STATEMENT | |
| Title | The church that never sleeps / |
| Statement of responsibility, etc. | Matthew Barnett |
| 260 ## - PUBLICATION, DISTRIBUTION, ETC. | |
| Place of publication, distribution, etc. | Nashville : |
| Name of publisher, distributor, etc. | T. Nelson Publishers, |
| Date of publication, distribution, etc. | c2000 |
| 300 ## - PHYSICAL DESCRIPTION | |
| Extent | xvii, 202 p. ; |
| Dimensions | 21 cm |
| 600 10 - SUBJECT ADDED ENTRY--PERSONAL NAME | |
| Personal name | Barnett, Matthew |
| 610 20 - SUBJECT ADDED ENTRY--CORPORATE NAME | |
| Corporate name or jurisdiction name as entry element | Los Angeles International Church (Los Angeles, Calif.) |
| 651 #0 - SUBJECT ADDED ENTRY--GEOGRAPHIC NAME | |
| Geographic name | Los Angeles (Calif.) |
| General subdivision | Church history |
| 942 ## - ADDED ENTRY ELEMENTS (KOHA) | |
| Source of classification or shelving scheme | Dewey Decimal Classification |
| Koha item type | Books |
| Withdrawn status | Lost status | Source of classification or shelving scheme | Damaged status | Not for loan | Collection code | Home library | Current library | Shelving location | Date acquired | Cost, normal purchase price | Total Checkouts | Full call number | Barcode | Date last seen | Price effective from | Koha item type |
|---|---|---|---|---|---|---|---|---|---|---|---|---|---|---|---|---|
| Dewey Decimal Classification | Non-fiction | Harvest Mission College | Harvest Mission College | General Stacks | 18.12.2018 | 380.00 | 289.94 B261C | 005601 | 18.12.2018 | 18.12.2018 | Books | |||||
| Dewey Decimal Classification | Harvest Mission College | Harvest Mission College | General Stacks | 09.04.2026 | 289.94 B261C | 013369 | 09.04.2026 | 09.04.2026 | Books | |||||||
| Dewey Decimal Classification | Harvest Mission College | Harvest Mission College | General Stacks | 10.04.2026 | 289.94 B261C | 013326 | 10.04.2026 | 10.04.2026 | Books |
